000 00217 a2200109 4500
020 _a9789992479285
041 _aspa
100 _aIncer, Jaime
245 _aEstudios Sociales 3er grado
942 _cBK
952 _71
999 _c18201
_d18201